| 000 | 00000nam##2200000za#4500 |
| 001 | 9.614473 |
| 003 | CaOODSP |
| 005 | 20200813121859 |
| 007 | ta |
| 008 | 150406|1998||||xxc||||| f|0| 0 eng|d |
| 020 | |a0-17-605638-6 |
| 040 | |aCaOODSP|beng |
| 043 | |an-cn--- |
| 086 | 1 |aCS96-321/2E |
| 245 | 00|aWomen and the Canadian labour market : |btransitions towards the future / |cby Morley Gunderson. |
| 260 | |aScarborough - Ontario : |bStatistics Canada |c1998. |
| 300 | |axxv, 231p. : |bgraphs, tables ; |c24 cm. |
| 490 | 1 |a1991 Census monograph series|v2 |
| 500 | |aContents: The socio-economic and political context.--Policy initiatives.--Labour force participation.--Hours of work.--Women's and men's earnings.--Occupational distribution.--Industrial distribution.--Unemployment. |
| 563 | |aSoftcover |
| 590 | |a98-29|b1998-07-17 |
| 690 | 07|aLabour market|2gcpds |
| 690 | 07|aWomen|2gcpds |
| 710 | 2 |aStatistics Canada. |
| 720 | 1 |aGunderson, Morley |
| 776 | 0#|tWomen and the Canadian labour market : |w(CaOODSP)9.575601 |
| 830 | #0|a1991 Census monograph series ;|v2|w(CaOODSP)9.514479 |